[Event "BCF-chT3W 2223 (4NCL)"]
[Site "England"]
[Date "2023.03.19"]
[Round "8.55"]
[White "Naylor, Michael A"]
[Black "Shaw, John S"]
[Result "1/2-1/2"]
[WhiteElo "1962"]
[BlackElo "1681"]
[PlyCount "85"]
[EventDate "2022.10.22"]
[EventType "team-tourn"]
[EventRounds "11"]
[EventCountry "ENG"]
[SourceTitle "EXT 2024"]
[Source "ChessBase"]
[SourceDate "2023.10.10"]
[SourceVersion "1"]
[SourceVersionDate "2023.10.10"]
[SourceQuality "1"]
[WhiteTeam "Ashfield"]
[BlackTeam "MK Phoenix II"]
[WhiteTeamCountry "ENG"]
[BlackTeamCountry "ENG"]

1. e4 c5 2. Nf3 Nc6 3. d4 cxd4 4. Nxd4 Nf6 5. Nc3 e5 6. Ndb5 d6 7. Bg5 a6 8. Na3 b5 9. Bxf6 gxf6 10. Nd5 Be6 11. c3 Bg7 12. Nc2 f5 13. Qh5 Bxd5 14. exd5 Ne7 15. Qg5 Rg8 16. Qh5 Qd7 17. Nb4 Qb7 18. 0-0-0 e4 19. Nc6 Nxc6 20. dxc6 Qxc6 21. Qxh7 Kf8 22. Qxf5 Be5 23. Kb1 Rc8 24. Rc1 Rg6 25. Qh3 Rf6 26. Rc2 d5 27. Qh5 Qc7 28. g3 d4 29. Bh3 d3 30. Qh8+ Ke7 31. Qxc8 dxc2+ 32. Kxc2 Rxf2+ 33. Kb1 Qxc8 34. Bxc8 b4 35. Bxa6 bxc3 36. bxc3 Bxc3 37. Bc4 f5 38. Rf1 Rxh2 39. Rxf5 Rg2 40. Rf4 Rxg3 41. Rxe4+ Kd6 42. Kc2 Ba5 43. Be2 1/2-1/2

[Event "BCF-chT4S 1920 (4NCL)"]
[Site "England"]
[Date "2019.11.10"]
[Round "2.52"]
[White "Naylor, Michael A"]
[Black "Dias, Savin"]
[Result "1/2-1/2"]
[WhiteElo "1967"]
[BlackElo "1990"]
[PlyCount "125"]
[EventDate "2019.11.09"]
[EventType "team-swiss"]
[EventRounds "11"]
[EventCountry "ENG"]
[SourceTitle "EXT 2022"]
[Source "ChessBase"]
[SourceDate "2021.10.06"]
[SourceVersion "1"]
[SourceVersionDate "2021.10.06"]
[SourceQuality "1"]
[WhiteTeam "Ashfield II"]
[BlackTeam "Wood Green Youth"]
[WhiteTeamCountry "ENG"]
[BlackTeamCountry "ENG"]

1. e4 c5 2. Nf3 Nc6 3. d4 cxd4 4. Nxd4 g6 5. c4 Bg7 6. Be3 d6 7. Nc3 Nf6 8. Be2 0-0 9. 0-0 Nxd4 10. Bxd4 Be6 11. Rc1 Rc8 12. b3 a6 13. Qd3 Qa5 14. Nd5 Nxd5 15. cxd5 Bxd4 16. dxe6 Rxc1 17. Rxc1 Qb6 18. Bg4 fxe6 19. Bxe6+ Kg7 20. Rd1 Bxf2+ 21. Kh1 Bd4 22. g4 Be5 23. Rd2 Rf2 24. g5 Rxd2 25. Qxd2 Qd4 26. Qxd4 Bxd4 27. Bc8 Be3 28. Bxb7 a5 29. Kg2 Bxg5 30. Bd5 Kf6 31. Kf3 e6 32. Bc6 Bc1 33. Bb5 Ke5 34. Bd7 Ba3 35. Ke3 Bc5+ 36. Kf3 d5 37. exd5 exd5 38. Bc6 Kd4 39. a4 Bd6 40. h3 Bc7 41. Bb7 h5 42. Bc6 g5 43. Bb7 Ke5 44. Ke3 g4 45. hxg4 hxg4 46. Bc8 g3 47. Bh3 Bd6 48. Bg2 Bc5+ 49. Kd3 Bf2 50. Bh1 Kd6 51. Bf3 Kc5 52. Bg2 d4 53. Bf3 Kb4 54. Bd5 Be3 55. Kc2 Ka3 56. Be4 Ka2 57. Bd5 Ka3 58. Be4 Bf4 59. Bd5 Be5 60. Be4 d3+ 61. Kxd3 Kxb3 62. Bc6 Kb4 63. Ke2 1/2-1/2

[Event "BCF-chT3N 1718 (4NCL)"]
[Site "England"]
[Date "2018.05.07"]
[Round "11.25"]
[White "Higgie, Charles L"]
[Black "Naylor, Michael A"]
[Result "0-1"]
[WhiteElo "1941"]
[BlackElo "2020"]
[PlyCount "76"]
[EventDate "2017.11.11"]
[EventType "team-swiss"]
[EventRounds "11"]
[EventCountry "ENG"]
[SourceTitle "EXT 2020"]
[Source "ChessBase"]
[SourceDate "2019.10.17"]
[SourceVersion "1"]
[SourceVersionDate "2019.10.17"]
[SourceQuality "1"]
[WhiteTeam "Shropshire"]
[BlackTeam "Ashfield Breadsall"]
[WhiteTeamCountry "ENG"]
[BlackTeamCountry "ENG"]

1. d4 d5 2. c4 e6 3. Nc3 Be7 4. Nf3 Nf6 5. Bg5 0-0 6. e3 h6 7. Bh4 b6 8. Bxf6 Bxf6 9. cxd5 exd5 10. Be2 Be6 11. 0-0 c5 12. Rc1 Qe7 13. dxc5 bxc5 14. Na4 Nd7 15. Qc2 Rab8 16. b3 Rfc8 17. e4 c4 18. exd5 Bxd5 19. bxc4 Bc6 20. Rfe1 Qa3 21. Nc3 Rb2 22. Qd3 Rxe2 23. Qxe2 Bxc3 24. Qe3 Bb2 25. Rb1 Qxe3 26. Rxe3 Bf6 27. Ra3 Bxf3 28. gxf3 Bd4 29. Ra4 Bb6 30. Re1 Nc5 31. Ra3 Ne6 32. Re4 g5 33. h4 Kg7 34. hxg5 hxg5 35. Rc3 Kg6 36. Kg2 Nf4+ 37. Kg3 Rh8 38. Rxf4 Bc7 0-1

[Event "BCF-chT3N 1718 (4NCL)"]
[Site "England"]
[Date "2018.02.11"]
[Round "6.204"]
[White "Tyton, Adam"]
[Black "Naylor, Michael A"]
[Result "1/2-1/2"]
[WhiteElo "1830"]
[BlackElo "2020"]
[PlyCount "43"]
[EventDate "2017.11.11"]
[EventType "team-swiss"]
[EventRounds "11"]
[EventCountry "ENG"]
[SourceTitle "EXT 2020"]
[Source "ChessBase"]
[SourceDate "2019.10.17"]
[SourceVersion "1"]
[SourceVersionDate "2019.10.17"]
[SourceQuality "1"]
[WhiteTeam "Manchester Manticores III"]
[BlackTeam "Ashfield Breadsall"]
[WhiteTeamCountry "ENG"]
[BlackTeamCountry "ENG"]

1. e4 e5 2. Nf3 Nc6 3. d4 exd4 4. Nxd4 Nf6 5. Nxc6 bxc6 6. Bd3 Bc5 7. 0-0 0-0 8. Bg5 d6 9. Nd2 Qe7 10. Nb3 Bb6 11. Qf3 Qe5 12. Bxf6 gxf6 13. c3 Be6 14. Nd2 Kh8 15. Nc4 Qg5 16. Nxb6 axb6 17. a3 Rg8 18. Rfe1 Rg7 19. Bf1 Rag8 20. g3 h5 21. Qe3 h4 22. Qxg5 1/2-1/2

[Event "BCF-chT3N 1718 (4NCL)"]
[Site "England"]
[Date "2018.02.10"]
[Round "5.204"]
[White "Naylor, Michael A"]
[Black "Turner, John M"]
[Result "0-1"]
[WhiteElo "2020"]
[BlackElo "2000"]
[PlyCount "64"]
[EventDate "2017.11.11"]
[EventType "team-swiss"]
[EventRounds "11"]
[EventCountry "ENG"]
[SourceTitle "EXT 2020"]
[Source "ChessBase"]
[SourceDate "2019.10.17"]
[SourceVersion "1"]
[SourceVersionDate "2019.10.17"]
[SourceQuality "1"]
[WhiteTeam "Ashfield Breadsall"]
[BlackTeam "Holmes Chapel"]
[WhiteTeamCountry "ENG"]
[BlackTeamCountry "ENG"]

1. e4 d5 2. exd5 Qxd5 3. Nc3 Qd6 4. d4 Nf6 5. Nf3 a6 6. g3 Bg4 7. Bg2 Nc6 8. Bf4 Qb4 9. 0-0 0-0-0 10. d5 e6 11. Bd2 Ne5 12. Ne2 Qe4 13. Ng5 Qxe2 14. Qxe2 Bxe2 15. Rfe1 Bh5 16. Rxe5 Nxd5 17. Nh3 Bg6 18. Rc1 Be7 19. c4 Nb4 20. Bxb4 Bxb4 21. Nf4 Bf5 22. Ne2 Bd2 23. Rxf5 exf5 24. Rc2 Rhe8 25. Bf3 Ba5 26. Bd5 Re7 27. Nd4 c6 28. Nxf5 Re1+ 29. Kg2 cxd5 30. cxd5+ Kb8 31. Nxg7 Rxd5 32. Rc4 Rg5 0-1

[Event "BCF-chT3N 1718 (4NCL)"]
[Site "England"]
[Date "2017.11.12"]
[Round "2.72"]
[White "Raghavendra, Mahima"]
[Black "Naylor, Michael A"]
[Result "1/2-1/2"]
[WhiteElo "1705"]
[BlackElo "2020"]
[PlyCount "86"]
[EventDate "2017.11.11"]
[EventType "team-swiss"]
[EventRounds "11"]
[EventCountry "ENG"]
[SourceTitle "EXT 2020"]
[Source "ChessBase"]
[SourceDate "2019.10.17"]
[SourceVersion "1"]
[SourceVersionDate "2019.10.17"]
[SourceQuality "1"]
[WhiteTeam "Manchester Manticores IV"]
[BlackTeam "Ashfield Breadsall II"]
[WhiteTeamCountry "ENG"]
[BlackTeamCountry "ENG"]

1. d4 d5 2. c4 e6 3. Nf3 Nf6 4. g3 Bb4+ 5. Bd2 Be7 6. Bg2 Nbd7 7. 0-0 0-0 8. cxd5 exd5 9. Nc3 c6 10. Re1 Re8 11. e4 Nxe4 12. Nxe4 dxe4 13. Rxe4 Nf6 14. Re1 Be6 15. Bc3 Bd5 16. Qc2 Qc7 17. Ne5 Bxg2 18. Kxg2 Nd5 19. Bd2 Bb4 20. Bxb4 Nxb4 21. Qb3 Nd5 22. Rac1 Rad8 23. Nf3 Re7 24. Rxe7 Qxe7 25. Re1 Qc7 26. Qd3 f6 27. Qe2 Qf7 28. a3 Rd7 29. Qc2 g6 30. Qc5 a6 31. Nd2 Kg7 32. Nc4 Nc7 33. Nb6 Ne6 34. Qc3 Rd8 35. d5 Rxd5 36. Nxd5 cxd5 37. Qe3 Nd8 38. Qc5 Nc6 39. b4 Qd7 40. a4 Kf7 41. b5 axb5 42. axb5 Ne5 43. Rd1 Ke6 1/2-1/2

[Event "BCF-chT3N 1617 (4NCL)"]
[Site "England"]
[Date "2017.03.18"]
[Round "7.73"]
[White "Altham, John T"]
[Black "Naylor, Michael A"]
[Result "0-1"]
[WhiteElo "1922"]
[BlackElo "1885"]
[PlyCount "78"]
[EventDate "2016.11.26"]
[EventType "team-swiss"]
[EventRounds "11"]
[EventCountry "ENG"]
[SourceTitle "EXT 2019"]
[Source "ChessBase"]
[SourceDate "2018.10.10"]
[SourceVersion "1"]
[SourceVersionDate "2018.10.10"]
[SourceQuality "1"]
[WhiteTeam "Manchester Manticores III"]
[BlackTeam "Ashfield Breadsall II"]
[WhiteTeamCountry "ENG"]
[BlackTeamCountry "ENG"]

1. e4 e5 2. Nf3 Nc6 3. Bb5 a6 4. Ba4 Nf6 5. 0-0 Be7 6. d3 b5 7. Bb3 0-0 8. h3 d6 9. c3 Na5 10. Bc2 c5 11. Nbd2 Re8 12. Re1 Qc7 13. Nf1 Bf8 14. Bg5 Nd7 15. Ne3 Nb6 16. Qe2 Be6 17. g4 d5 18. Bh4 d4 19. Nf1 f6 20. Bg3 Qf7 21. Nh4 g6 22. a3 Na4 23. cxd4 cxd4 24. Bxa4 bxa4 25. Rac1 Rec8 26. Ng2 g5 27. Red1 Bb3 28. Re1 Rc7 29. Rxc7 Qxc7 30. f3 Rc8 31. Bf2 Qb6 32. Rb1 Rc2 33. Qe1 Qc7 34. Ng3 Ba2 35. Ra1 Nb3 36. Rd1 Rxb2 37. Nh5 Kf7 38. h4 h6 39. Bg3 Qc2 0-1

[Event "BCF-chT3N 1617 (4NCL)"]
[Site "England"]
[Date "2017.02.12"]
[Round "6.81"]
[White "Naylor, Michael A"]
[Black "Baxter, Harold"]
[Result "1-0"]
[WhiteElo "1885"]
[BlackElo "1877"]
[PlyCount "93"]
[EventDate "2016.11.26"]
[EventType "team-swiss"]
[EventRounds "11"]
[EventCountry "ENG"]
[SourceTitle "EXT 2019"]
[Source "ChessBase"]
[SourceDate "2018.10.10"]
[SourceVersion "1"]
[SourceVersionDate "2018.10.10"]
[SourceQuality "1"]
[WhiteTeam "Ashfield Breadsall II"]
[BlackTeam "Bradford DCA Knights III"]
[WhiteTeamCountry "ENG"]
[BlackTeamCountry "ENG"]

1. e4 c5 2. Nf3 e6 3. d4 cxd4 4. Nxd4 a6 5. a3 Nf6 6. Nc3 Qc7 7. Be2 b5 8. 0-0 Bb7 9. f3 Bd6 10. g3 Nc6 11. Kg2 Bc5 12. Nb3 Ba7 13. Bf4 e5 14. Bg5 Nd4 15. Rc1 h6 16. Bd2 0-0 17. Be1 d5 18. exd5 Nxd5 19. Nxd5 Bxd5 20. Bf2 Nxe2 21. Qxd5 Nxc1 22. Rxc1 Bxf2 23. Kxf2 Rad8 24. Qe4 f5 25. Qe3 Rd5 26. c4 bxc4 27. Nd2 Rd3 28. Qxd3 Qb6+ 29. Qe3 Qxb2 30. Rxc4 Rd8 31. Ke2 Qb5 32. Qc3 e4 33. f4 Kh7 34. a4 Qd5 35. Rc7 Rd7 36. Rxd7 Qxd7 37. Qc4 Qa7 38. Qd5 Qg1 39. Qxf5+ Kh8 40. Qh3 Qd4 41. Qc8+ Kh7 42. Qf5+ Kh8 43. Qxe4 Qg1 44. Nf3 Qb6 45. Qd4 Qb3 46. Qd8+ Kh7 47. Qd3+ 1-0